Catalog

Record Details

Catalog Search



Five black cats  Cover Image Book Book

Five black cats / [by Patricia Hegarty ; illustrated by Julia Woolf].

Hegarty, Patricia. : (author). Woolf, Julia,: (illustrator.).

Summary:

"Five black cats set out through shadowy streets and dark forests. Along the way, they encounter bats and glowing jack o' lanterns. Then, they follow a tiny white mouse into a spooky old house for an annual Halloween party"-- Provided by publisher.

Record details

  • ISBN: 9781589256118
  • ISBN: 1589256115
  • ISBN: 9781589252394
  • ISBN: 158925239X
  • Physical Description: 1 volume (unpaged) : color illustrations ; 21 cm
  • Publisher: Wilton, CT : Tiger Tales, 2013.

Content descriptions

General Note:
On board pages.
Cover title.
Subject: Cats > Juvenile fiction.
Halloween > Juvenile fiction.
Board books.
Genre: Juvenile works
Stories in rhyme.
Fiction.
Board books.
Novels.

LDR 01522cam a2200397 i 4500
001139757
003SBPL
00520180109070439.0
008130402s2013 ctua a 000 1 eng
010 . ‡a 2013009974
020 . ‡a9781589256118 ‡q(board bk.)
020 . ‡a1589256115 ‡q(board bk.)
020 . ‡a9781589252394
020 . ‡a158925239X
035 . ‡a(CONS)139757
035 . ‡a(OCoLC)841039492 ‡z(OCoLC)841898428
05000. ‡aPZ8.3.H3976 ‡bFi 2013
08200. ‡a[E] ‡223
1001 . ‡aHegarty, Patricia. : ‡eauthor
24510. ‡aFive black cats / ‡c[by Patricia Hegarty ; illustrated by Julia Woolf].
2463 . ‡a5 black cats
264 1. ‡aWilton, CT : ‡bTiger Tales, ‡c2013.
300 . ‡a1 volume (unpaged) : ‡bcolor illustrations ; ‡c21 cm
336 . ‡atext ‡btxt ‡2rdacontent
336 . ‡astill image ‡bsti ‡2rdacontent
337 . ‡aunmediated ‡bn ‡2rdamedia
338 . ‡avolume ‡bnc ‡2rdacarrier
500 . ‡aOn board pages.
500 . ‡aCover title.
520 . ‡a"Five black cats set out through shadowy streets and dark forests. Along the way, they encounter bats and glowing jack o' lanterns. Then, they follow a tiny white mouse into a spooky old house for an annual Halloween party"-- ‡cProvided by publisher.
650 0. ‡aCats ‡vJuvenile fiction.
650 0. ‡aHalloween ‡vJuvenile fiction.
650 0. ‡aBoard books.
655 7. ‡aJuvenile works
655 7. ‡aStories in rhyme. ‡2lcgft
655 7. ‡aFiction. ‡2lcgft
655 7. ‡aBoard books. ‡2lcgft
655 7. ‡aNovels. ‡2lcgft
7001 . ‡aWoolf, Julia,: ‡eillustrator.
901 . ‡a139757 ‡bUnknown ‡c139757 ‡tbiblio

Additional Resources